| 000 -CABECERA |
| Longitud fija campo de control |
00477nam a22001577a 4500 |
| 003 - IDENTIFICADOR DEL NÚMERO DE CONTROL |
| Identificador del número de control |
OSt |
| 005 - FECHA Y HORA DE LA ÚLTIMA TRANSACCIÓN |
| Fecha y hora de la última transacción |
20130610114920.0 |
| 008 - CÓDIGOS DE INFORMACIÓN DE LONGITUD FIJA |
| Códigos de información de longitud fija |
130610s1977 cu ||||| |||| 00| 0 spa d |
| 040 ## - FUENTE DE LA CATALOGACIÓN |
| Centro transcriptor |
CDMR |
| 245 03 - MENCIÓN DE TÍTULO |
| Título |
El periodismo en José Martí |
| Mención de responsabilidad, etc. |
Camila Henríquez Ureña... [et al.] |
| 260 ## - PUBLICACIÓN, DISTRIBUCIÓN, ETC. (PIE DE IMPRENTA) |
| Lugar de publicación, distribución, etc. |
La Habana |
| Nombre del editor, distribuidor, etc. |
Orbe |
| Fecha de publicación, distribución, etc. |
[1977] |
| 300 ## - DESCRIPCIÓN FÍSICA |
| Extensión |
111 p. |
| 600 1# - PUNTO DE ACCESO ADICIONAL DE MATERIA - NOMBRE DE PERSONA |
| 9 (RLIN) |
3723 |
| Nombre de persona |
Martí, José |
| Fechas asociadas al nombre |
1853-1895 |
| Subdivisión de materia general (R ) |
Crítica i interpretació |
| 700 1# - PUNTO DE ACCESO ADICIONAL - NOMBRE DE PERSONA |
| 9 (RLIN) |
3722 |
| Nombre de persona |
Henríquez Ureña, Camila |
| Fechas asociadas al nombre |
1894-1973 |
| 942 ## - ENTRADA DE ELEMENTOS AGREGADOS (KOHA) |
| Fuente de clasificaión o esquema |
|
| Koha [por defecto] tipo de item |
Monografies |